| 000 | 00938nam a22002777a 4500 | ||
|---|---|---|---|
| 999 |
_c29507 _d29478 |
||
| 003 | EG-ScBUE | ||
| 005 | 20210927123028.0 | ||
| 008 | 210926s2015 ua f 000 p ara d | ||
| 017 | _a2015/8787 | ||
| 020 | _a9789776510098 | ||
| 040 |
_aEG-ScBUE _bara _erda _cEG-ScBUE _dEG-ScBUE |
||
| 082 | 0 | 4 |
_a892.717 _bح س ن _222 |
| 100 | 1 |
_aحسن، هبة عبده، _eمؤلف. |
|
| 245 | 1 | 0 |
_aسوق الحلاوة : _bشعر / _cهبة عبده حسن. |
| 250 | _aالطبعة الأولى. | ||
| 264 | 1 |
_aالقاهرة : _bدار ابن راشد، _c2015. |
|
| 300 |
_a117 صفحة ؛ _c15 سم |
||
| 336 |
_2rdacontent _aنص _btxt |
||
| 337 |
_2rdamedia _aبدون وسيط _bn |
||
| 338 |
_2rdacarrier _aمجلد _bnc |
||
| 541 |
_cDonation ; _aMohamed Shoman. |
||
| 650 | 7 |
_aالشعر العربي _xدواوين وقصائد. _2BUEsh |
|
| 653 | 7 |
_bARALIT _cSeptember2021 |
|
| 655 | 7 |
_2BUEsh _vReading book _934232 |
|
| 942 | _2ddc | ||